00275nam a2200109Ia 4500008004100000041000800041082001100049100003300060245002300093260004100116300000800157230511s1999 xx 000 0 und d aeng a340.14 aBhatnagar R P and Bhargava R aLaw and Language  aNew DelhibMacmillan India ltdc1999 a219